000
00206 a2200097 4500
001
3456
100
_a
Mathiat, A
245
_a
British political system, the
260
_a
_b
Hogarth
_c
090
_c
2722
_d
2722
942
_a
NUST-CAE
_c
M
_c
19136
999
_c
238529
_d
238529